Städte, die mit "Bad" beginnen, A bis Z - Statistiken

Allgemein
  • Dieses Quiz wurde 79 mal gespielt
  • Das Durchschnittsergebnis liegt bei 9 aus 22
Antwortstatistiken
A-Z Wo? Hinweise Antwort % Korrekt
H HE Hat ein berühmtes Spielkasino und einen der höchsten Kaufkraft-Indices aller deutschen Gemeinden. Homburg
61%
T BY Zwischen München und Alpen liegt die Kreisstadt mit Bulle und Knabenchor. Tölz
59%
C BW Stadtbezirk von Stuttgart mit der MHPArena (Neckarstadion). Cannstadt
56%
A HE Nordhessische Kleinstadt, die erst seit 1997 den Namenszusatz "Bad" trägt. Arolsen
53%
R BY Salz aus der Kleinstadt an der österreichischen Grenze hat in Deutschland einen Marktanteil von über 50%. Reichenhall
53%
D MV Kleinstadt bei Rostock mit gotischem Münster. Doberan
48%
G NW Stadtbezirk von Bonn, nach dem jahrzehntelang das Parteiprogramm der SPD benannt war. Godesberg
48%
N RP Von der Flutkatastrophe an der Ahr 2021 betroffenes Heilbad. Neuenahr-Ahrweiler
48%
K BY Seit 2021 Teil des UNESCO-Weltkulturerbes "The Great Spa Towns of Europe". Kissingen
44%
B NW Mit 19000 Einwohnern die größte Stadt des Wittgensteiner Landes. Berleburg
42%
S NW Bei Bielefeld liegt eines der wenigen Bäder mit über 50000 Einwohnern. Salzuflen
41%
V HE Stadt bei Frankfurt (Main) mit vielen Mineralwasserquellen. Vilbel
41%
E RP Seit 2021 Teil des UNESCO-Weltkulturerbes "The Great Spa Towns of Europe". Ems
39%
M BW Mittelstadt an der Tauber, von 1525 bis 1809 Sitz des Hochmeisters des Deutschen Ordens. Mergentheim
36%
O NW Die Stadt an der Weser war nach dem 2. Weltkrieg Sitz der britischen Militärregierung. Oeynhausen
36%
P NI Niedersächsischer Kurort mit Dunsthöhle und dem größten Palmengarten nördlich der Alpen. Pyrmont
36%
I A Sommerresidenz von Kaiser Franz Joseph I. und Kaiserin Sisi von Österreich, Kulturhauptstadt Europas 2024. Ischl
27%
Z NI Kurort bei Oldenburg am nach dem gesuchten Ort benannten "Meer". Zwischenahn
23%
F TH Kleinstadt am Kyffhäuser mit Monumentalgemälde zum Bauernkrieg. Frankenhausen
22%
L TH Kleinstadt im Thüringer Becken, die sich seit 2002 auch "Rosenstadt" nennt. Langensalza
22%
U BW Kleinstadt in der Schwäbischen Alb, bekannt für Schäferlauf und Wasserfall. Urach
20%
W BW Im 13. Jahrhundert Kaiserpfalz, Im 19. Jahrhundert hessische Exklave am Neckar. Wimpfen
13%
Keine übereinstimmenden Quizze gefunden
Verteilung der Resultate
Anzahl Personen mit jedem Resultat
Perzentil nach korrekt beantworteten Fragen
Ihre Resultats-Entwicklung
Sie haben dieses Quiz noch nicht gespielt